International law

This title provides a complete introduction to international law in a form most accessible to readers who already have, or are acquiring, a familiarity with national systems of law

محفوظ في:
التفاصيل البيبلوغرافية
المؤلف الرئيسي: Gardiner, Richard K.
التنسيق: كتاب
منشور في: Harlow : Longman, c2003.
سلاسل:Longman law series
الموضوعات:
الوسوم: إضافة وسم
لا توجد وسوم, كن أول من يضع وسما على هذه التسجيلة!

MARC

LEADER 00000nam a22000007a 4500
005 20260327081026.0
020 |a 0582369762  |c TZS 67,778.84 
040 |a MCCL  |b eng  |e AACR 2nd rev. ed. 
082 |a 341 GAR 
100 |a Gardiner, Richard K. 
245 |a  International law  |c / Richard K. Gardiner 
260 |a Harlow :  |b Longman,   |c c2003. 
300 |a  xlii, 517 p. ;   |c 24 cm. 
440 |a  Longman law series 
504 |a Includes index 
520 |a This title provides a complete introduction to international law in a form most accessible to readers who already have, or are acquiring, a familiarity with national systems of law 
546 |a eng 
650 |a International law 
942 |c BK 
999 |c 12546  |d 12546